Score 0/20 Timer 04:00
0 Plays Today
Quote Missing Word % Correct
Kids, you tried your best and failed miserably. The lesson is, never ____.try
88.3%
Whoa, slow down there, maestro. There's a ____ Mexico?New
81.7%
Me fail ____? That's unpossible.English
79.5%
Here's to ____, the cause of--and solution to--all life's problems.alcohol
79.5%
Fame was like a drug. But what was even more like a drug were the ____.drugs
79.3%
I didn't think it was physically possible, but this both sucks and ____.blows
72.2%
Well, he's kind of had it in for me ever since I accidentally ran over his ____.dog
69%
If a cow ever got the chance, he'd ____ you and everyone you care about!eat
68.2%
Stan Lee never left. I'm afraid his mind is no longer in ____ condition.mint
62.9%
It takes two to lie. One to lie and one to ____.listen
60%
Quote Missing Word % Correct
____ means flammable? What a country!Inflammable
55.2%
Save me, ____!Jeebus, Superman...
53.5%
I'm allergic to bee stings. They cause me to, uh, ____.die
52.6%
No, they're saying '____.'Boo-urns
47.9%
I hope this has taught you kids a lesson: kids never ____.learn
39.8%
Dear Mr. President, There are too many ____ nowadays. Please, eliminate three.states
38.3%
According to the gas chromatograph, the secret ingredient is... ____!? Who's been screwing with this thing?Love
37.4%
____. Is there anything they can't do?Donuts
29.7%
I can't go to juvie. They use guys like me as ____.currency
26.6%
I don't like being outdoors, Smithers. For one thing, there's too many ____ children.fat
26.3%

Today's Daily Dose

Remove Ads.
Support Sporcle.
Get the best of Sporcle when you Go Orange. This ad-free experience offers more features, more stats, and more fun while also helping to support Sporcle. Thank you for becoming a member.

You're not logged in!

Compare scores with friends on all Sporcle quizzes.
OR
Log In

Show Comments

Extras

Top Quizzes Today


Score Distribution

Your Account Isn't Verified!

In order to create a playlist on Sporcle, you need to verify the email address you used during registration. Go to your Sporcle Settings to finish the process.

Report this User

Report this user for behavior that violates our Community Guidelines.

Details: